ბათუმის შოთა რუსთაველის სახელმწიფო უნივერსიტეტის ბიბლიოთეკა

პიესები:ყვარყვარე თუთაბერი. კოლმეურნის ქორწინება (ბიბ.ჩანაწერი № 47746)

000 -LEADER
fixed length control field 00783nam a2200217Ia 4500
001 - CONTROL NUMBER
control field 14617
003 - CONTROL NUMBER IDENTIFIER
control field GE_BSU
008 - FIXED-LENGTH DATA ELEMENTS--GENERAL INFORMATION
fixed length control field 181216s||||||||xx |||||||||||||| ||und||
040 ## - CATALOGING SOURCE
Transcribing agency GE_BSU
080 ## - UNIVERSAL DECIMAL CLASSIFICATION NUMBER
Universal Decimal Classification number 821.353.1-2
100 ## - MAIN ENTRY--PERSONAL NAME
Personal name კაკაბაძე,პ.
245 ## - TITLE STATEMENT
Title პიესები:ყვარყვარე თუთაბერი. კოლმეურნის ქორწინება
245 ## - TITLE STATEMENT
Statement of responsibility, etc. რედ.თ.მღებრიშვილი.
260 ## - PUBLICATION, DISTRIBUTION, ETC.
Place of publication, distribution, etc. თბილისი
260 ## - PUBLICATION, DISTRIBUTION, ETC.
Name of publisher, distributor, etc. ხელოვნება
260 ## - PUBLICATION, DISTRIBUTION, ETC.
Date of publication, distribution, etc. 1952
300 ## - PHYSICAL DESCRIPTION
Extent 140გვ.20სმ.
653 ## - INDEX TERM--UNCONTROLLED
Uncontrolled term კოლმეურნის ქორწინება
653 ## - INDEX TERM--UNCONTROLLED
Uncontrolled term პიესები:ყვარყვარე თუთაბერი.
942 ## - ADDED ENTRY ELEMENTS (KOHA)
Koha item type წიგნი
ეგზემპლარები
Withdrawn status Lost status Damaged status Not for loan Date acquired Barcode Date last seen Price effective from Koha item type
        2018-12-17 37726 2018-12-17 2018-12-17 წიგნი